[Event "UKRAINIAN WOMEN CHESS CHAMPIONSHIP 2011"]
[Site "?"]
[Date "2011.10.11"]
[Round "5.7"]
[White "Huda, Maryana"]
[Black "Vasilevich, Tatjana"]
[Result "1/2-1/2"]
[WhiteElo "2196"]
[BlackElo "2423"]
[PlyCount "82"]
[EventDate "2011.10.07"]
[SourceDate "2011.10.07"]

1. d4 g6 2. c4 Bg7 3. Nf3 d6 4. Nc3 Bg4 5. e3 Nc6 6. Be2 e5 7. h3 Bxf3 8. Bxf3
exd4 9. Bxc6+ bxc6 10. exd4 Ne7 11. O-O O-O 12. Bg5 h6 13. Bxe7 Qxe7 14. Qd3
Rab8 15. b3 Qf6 16. Rad1 Rfe8 17. Rd2 Re7 18. Rfd1 Rbe8 19. Re2 Rxe2 20. Nxe2
Qg5 21. Qd2 Qd8 22. Kf1 Re4 23. f3 Re8 24. Nc3 Qf6 25. Qf2 Qf5 26. Ne4 Qc8 27.
Re1 a5 28. Qd2 Kf8 29. Nc3 Rxe1+ 30. Kxe1 Qf5 31. Kf2 Qc8 32. Ne2 Qa6 33. a4
Qb6 34. Qe3 Qb4 35. f4 Qb6 36. Ke1 Qb8 37. Kd1 Qc8 38. Qe4 Qb7 39. Kc2 Qb6 40.
g4 Bf6 41. f5 g5 1/2-1/2

[Event "UKRAINIAN WOMEN CHESS CHAMPIONSHIP 2011"]
[Site "?"]
[Date "2011.10.11"]
[Round "5.8"]
[White "Ponyatyshyna, Natalia"]
[Black "Bezkorovaina, Marija"]
[Result "0-1"]
[WhiteElo "1794"]
[BlackElo "2023"]
[PlyCount "126"]
[EventDate "2011.10.07"]
[SourceDate "2011.10.07"]

1. d4 Nf6 2. c4 e6 3. Nf3 b6 4. g3 Bb7 5. Bg2 Bb4+ 6. Bd2 Qe7 7. a3 Bxd2+ 8.
Nbxd2 d6 9. O-O Nbd7 10. Qc2 c5 11. e3 O-O 12. Rfd1 Rac8 13. Rac1 Rfd8 14. Qb1
d5 15. cxd5 exd5 16. Bh3 Rc7 17. Qd3 Ne4 18. Nb1 Qf6 19. Qe2 Qh6 20. Bg2 Ndf6
21. Ne5 Re8 22. Nd2 Rce7 23. Nxe4 Nxe4 24. Nf3 Qh5 25. Qf1 Bc8 26. h3 c4 27.
Nd2 Nf6 28. Nb1 Ne4 29. Nd2 Ng5 30. Kh2 Re6 31. g4 Qh4 32. Nf3 Nxf3+ 33. Bxf3
Rh6 34. Qg2 Kh8 35. Rh1 f5 36. Kg1 Qg5 37. Re1 fxg4 38. Bxg4 Rg6 39. f4 Qh4 40.
Qf2 Qf6 41. Kf1 Bxg4 42. hxg4 Rxg4 43. Rg1 Rxg1+ 44. Qxg1 Qf5 45. Qg2 h6 46.
Kf2 Kh7 47. Kf3 Re6 48. Qg4 Qe4+ 49. Kf2 g5 50. Qh5 Qg6 51. Qxg6+ Kxg6 52. Kf3
Kf5 53. fxg5 hxg5 54. Rh1 g4+ 55. Kf2 g3+ 56. Kf3 g2 57. Rg1 Rg6 58. Rxg2 Rxg2
59. Kxg2 Ke4 60. Kf2 b5 61. Ke2 a5 62. Kd2 b4 63. a4 b3 0-1

[Event "UKRAINIAN WOMEN CHESS CHAMPIONSHIP 2011"]
[Site "?"]
[Date "2011.10.11"]
[Round "5.9"]
[White "Motsar, Irina"]
[Black "Cherednichenko, Svetlana"]
[Result "1/2-1/2"]
[WhiteElo "2145"]
[BlackElo "2283"]
[PlyCount "175"]
[EventDate "2011.10.07"]
[SourceDate "2011.10.07"]

1. e4 d6 2. d4 e5 3. Nf3 Nd7 4. Nc3 Ngf6 5. Bc4 Be7 6. O-O O-O 7. h3 c6 8. Bb3
b5 9. a3 a6 10. Re1 Qc7 11. Bg5 Nb6 12. Qe2 Be6 13. Rad1 Bc4 14. Qe3 Rfe8 15.
dxe5 dxe5 16. Nh4 Be6 17. Nf5 Bxf5 18. exf5 Nbd7 19. Qg3 Bf8 20. Ne4 Nxe4 21.
Rxe4 Nc5 22. Rg4 h5 23. Rh4 Nxb3 24. cxb3 f6 25. Bxf6 Qf7 26. Bxe5 Qxf5 27. Bc3
Rad8 28. Rxd8 Rxd8 29. Rf4 Rd1+ 30. Kh2 Qd7 31. Qg5 Bd6 32. Be5 Rd5 33. Re4
Rxe5 34. Rxe5 Bxe5+ 35. Qxe5 Qf7 36. Qe3 h4 37. b4 Qf6 38. Qb3+ Kh8 39. Kg1 Qd4
40. Qc3 Qd1+ 41. Kh2 Qd6+ 42. g3 hxg3+ 43. fxg3 Qe6 44. h4 Qe2+ 45. Kh3 Qf1+
46. Kg4 Qe2+ 47. Kf4 Qf2+ 48. Kg5 Qe2 49. h5 Qe7+ 50. Kf4 Qf7+ 51. Kg4 Qd5 52.
Qc2 Qd4+ 53. Kh3 Qd5 54. Qe2 Qh1+ 55. Kg4 Qd5 56. Kf4 Qf7+ 57. Ke3 Qe6+ 58. Kf2
Qf5+ 59. Kg2 Qd5+ 60. Kh2 Kh7 61. g4 Kh8 62. Kg3 Qd6+ 63. Kh3 Qd5 64. Qg2 Qd3+
65. Kh4 Qd4 66. Qxc6 Qxb2 67. Qe8+ Kh7 68. Qe3 Qh2+ 69. Kg5 Qc7 70. Qc5 Qd8+
71. Kf4 Qd2+ 72. Qe3 Qd6+ 73. Kf3 Qd1+ 74. Kg3 Qd6+ 75. Kh3 Qd5 76. g5 Qh1+ 77.
Kg4 Qd1+ 78. Qf3 Qd4+ 79. Kh3 Qd7+ 80. Qg4 Qd3+ 81. Kh4 Qc2 82. g6+ Kh8 83. Qf4
Qc8 84. Kg5 Qd8+ 85. Kg4 Qd1+ 86. Qf3 Qd4+ 87. Kg3 Qd6+ 88. Kg4 1/2-1/2

[Event "UKRAINIAN WOMEN CHESS CHAMPIONSHIP 2011"]
[Site "?"]
[Date "2011.10.11"]
[Round "5.12"]
[White "Tkachova, Anastasia"]
[Black "Bogdan, Darya"]
[Result "1/2-1/2"]
[WhiteElo "1948"]
[BlackElo "1920"]
[PlyCount "103"]
[EventDate "2011.10.07"]
[SourceDate "2011.10.07"]

1. e4 e6 2. d4 d5 3. Nd2 Nf6 4. e5 Nfd7 5. Bd3 c5 6. c3 Nc6 7. Ne2 cxd4 8. cxd4
f6 9. exf6 Nxf6 10. O-O Bd6 11. Nf3 Qc7 12. Bg5 O-O 13. Bh4 Nh5 14. Bc2 g6 15.
a3 Bd7 16. Re1 Rac8 17. Rc1 Qb6 18. Rb1 Na5 19. Ba4 Bxa4 20. Qxa4 Nc4 21. Qd7
Rce8 22. Nc3 Qc7 23. Qxc7 Bxc7 24. Nb5 Bb8 25. b3 Nd6 26. Nxd6 Bxd6 27. a4 h6
28. Bg3 Nxg3 29. hxg3 Kf7 30. Ne5+ Bxe5 31. Rxe5 Rc8 32. Rbe1 Rfe8 33. R5e3 Rc2
34. Rd1 Rec8 35. Kf1 R8c3 36. Rdd3 Rxd3 37. Rxd3 Kf6 38. Rf3+ Ke7 39. Ke1 h5
40. Rd3 Kd6 41. Re3 a6 42. Re2 Rxe2+ 43. Kxe2 e5 44. Kd3 exd4 45. Kxd4 b6 46.
b4 Ke6 47. f4 Kd6 48. b5 a5 49. g4 hxg4 50. g3 Ke6 51. Kd3 Kd7 52. Ke3 1/2-1/2

[Event "UKRAINIAN WOMEN CHESS CHAMPIONSHIP 2011"]
[Site "?"]
[Date "2011.10.11"]
[Round "5.13"]
[White "Kurilo, Anna"]
[Black "Agudova, Olga"]
[Result "0-1"]
[WhiteElo "1955"]
[BlackElo "1980"]
[PlyCount "90"]
[EventDate "2011.10.07"]
[SourceDate "2011.10.07"]

1. Nf3 f5 2. b3 e6 3. Bb2 Nf6 4. e3 Be7 5. c4 d5 6. Na3 c6 7. Nc2 O-O 8. Be2
Ne4 9. O-O Bf6 10. Bxf6 Qxf6 11. cxd5 exd5 12. d4 Be6 13. Nce1 f4 14. Nd3 fxe3
15. fxe3 Qh6 16. Nf4 Nd7 17. Bd3 Bg4 18. Qe1 Rae8 19. Qa5 Nd6 20. Qd2 Bf5 21.
Rae1 g5 22. Bxf5 Nxf5 23. Nd3 g4 24. Nfe5 g3 25. h3 Nxe5 26. Nxe5 Nd6 27. Ng4
Qg5 28. Qb4 Ne4 29. Qxb7 h5 30. Rxf8+ Rxf8 31. Ne5 Qf6 32. Nf3 Nd2 33. Rf1 Nxf1
34. Kxf1 Qg6 35. Qe7 Qb1+ 36. Ke2 Qxa2+ 37. Ke1 Qb1+ 38. Kd2 Qb2+ 39. Ke1 Qc1+
40. Ke2 Qc2+ 41. Ke1 Qc3+ 42. Ke2 Qc2+ 43. Ke1 Qg6 44. Kd2 Rxf3 45. gxf3 g2 0-1

[Event "UKRAINIAN WOMEN CHESS CHAMPIONSHIP 2011"]
[Site "?"]
[Date "2011.10.12"]
[Round "6.1"]
[White "Gaponenko, Inna"]
[Black "Gritsayeva, Oksana"]
[Result "1/2-1/2"]
[WhiteElo "2445"]
[BlackElo "2320"]
[PlyCount "42"]
[EventDate "2011.10.07"]
[SourceDate "2011.10.07"]

1. e4 e5 2. Nf3 Nc6 3. Bb5 a6 4. Bxc6 dxc6 5. Nc3 Bd6 6. d4 exd4 7. Qxd4 f6 8.
Be3 Be6 9. O-O-O Qe7 10. Rhe1 c5 11. Qd2 O-O-O 12. Bf4 Nh6 13. Bxh6 gxh6 14.
Qxh6 Rhg8 15. g3 Qf7 16. e5 Be7 17. exf6 Bxf6 18. Ne5 Rxd1+ 19. Nxd1 Bxe5 20.
Rxe5 Bg4 21. Nc3 Qxf2 1/2-1/2

[Event "UKRAINIAN WOMEN CHESS CHAMPIONSHIP 2011"]
[Site "?"]
[Date "2011.10.12"]
[Round "6.3"]
[White "Dolzhykova, Kateryna"]
[Black "Kalinina, Olga"]
[Result "1-0"]
[WhiteElo "2311"]
[BlackElo "2288"]
[PlyCount "93"]
[EventDate "2011.10.07"]
[SourceDate "2011.10.07"]

1. e4 c5 2. Nf3 e6 3. c4 Nc6 4. Nc3 Nf6 5. Be2 Qc7 6. O-O Ng4 7. g3 a6 8. d4
cxd4 9. Nxd4 Nge5 10. Be3 b6 11. Rc1 Bc5 12. f4 Nxd4 13. Bxd4 Nc6 14. Bxc5 bxc5
15. e5 Rb8 16. b3 Nd4 17. Ne4 O-O 18. Bd3 Bb7 19. Nf6+ Kh8 20. Qh5 h6 21. Rce1
Qa5 22. Be4 Qxa2 23. Nxd7 Bxe4 24. Rxe4 Qxb3 25. Nxb8 Rxb8 26. Qxf7 Qc2 27.
Rxd4 cxd4 28. f5 exf5 29. Qxf5 Qxc4 30. e6 Qe2 31. Qf7 Qe3+ 32. Kg2 Qe4+ 33.
Kh3 d3 34. e7 d2 35. Qf8+ Kh7 36. Qxb8 Qe6+ 37. g4 Qxe7 38. Qb1+ Kh8 39. Qd3 h5
40. Qxd2 hxg4+ 41. Kxg4 Qe6+ 42. Kg3 Qg6+ 43. Kf2 Qg4 44. Qd8+ Kh7 45. Qd3+ g6
46. Qf3 Qg5 47. Rd1 1-0

[Event "UKRAINIAN WOMEN CHESS CHAMPIONSHIP 2011"]
[Site "?"]
[Date "2011.10.12"]
[Round "6.4"]
[White "Zingaylo, Anastasiya"]
[Black "Rakhmangulova, Anastasiya"]
[Result "0-1"]
[WhiteElo "2071"]
[BlackElo "2207"]
[PlyCount "136"]
[EventDate "2011.10.07"]
[SourceDate "2011.10.07"]

1. c4 e5 2. Nc3 c5 3. Nf3 Nc6 4. e3 Nge7 5. d4 d6 6. Be2 Bg4 7. d5 Bxf3 8. Bxf3
Nb8 9. Qa4+ Nd7 10. Ne4 Nc8 11. Bg4 Ncb6 12. Qb5 Qc7 13. Bd2 h5 14. Bh3 Be7 15.
Ba5 Kf8 16. Bxd7 Qxd7 17. Qxd7 Nxd7 18. Bc7 Rh6 19. Ba5 f5 20. Ng3 g6 21. f4 e4
22. Ne2 a6 23. a4 b5 24. axb5 axb5 25. Kd2 b4 26. Bc7 Rc8 27. Ra7 Nf6 28. Rha1
Ne8 29. Bb6 Rb8 30. R1a6 Rh8 31. Bc7 Rc8 32. Ba5 Rg8 33. Rd7 Rg7 34. Raa7 Bf6
35. Rxg7 Nxg7 36. Kc2 Ne8 37. Nc1 Be7 38. Nb3 Rb8 39. g3 h4 40. gxh4 Bxh4 41.
Nc1 Be7 42. b3 Nf6 43. h3 Rc8 44. Ne2 Ng8 45. Bc7 Nh6 46. Kd2 Nf7 47. Bb6 Bh4
48. Nc1 Kg7 49. Ke2 Rh8 50. Kf1 Kf6 51. Ne2 g5 52. Ra6 Kg7 53. Kg2 Be1 54. Bc7
Bd2 55. fxg5 Bxe3 56. Bxd6 Nxd6 57. Rxd6 f4 58. Nxf4 Bxf4 59. Re6 e3 60. Kf3
Bxg5 61. Kg4 Bh6 62. Re7+ Kf6 63. Re6+ Kf7 64. Re5 Re8 65. Rf5+ Kg6 66. Rf1 e2
67. Re1 Bd2 68. Rg1 e1=Q 0-1

[Event "UKRAINIAN WOMEN CHESS CHAMPIONSHIP 2011"]
[Site "?"]
[Date "2011.10.12"]
[Round "6.8"]
[White "Sharovskaya, Olga"]
[Black "Huda, Maryana"]
[Result "1/2-1/2"]
[WhiteElo "1957"]
[BlackElo "2196"]
[PlyCount "193"]
[EventDate "2011.10.07"]
[SourceDate "2011.10.07"]

1. e4 c6 2. d4 d5 3. Nc3 dxe4 4. Nxe4 Nd7 5. Nf3 Ngf6 6. Nxf6+ Nxf6 7. Bd3 Bg4
8. c3 e6 9. h3 Bh5 10. O-O Be7 11. Be2 O-O 12. Ne5 Bxe2 13. Qxe2 Qd5 14. Re1
Rad8 15. Bf4 Rfe8 16. Rad1 Qxa2 17. Ra1 Qb3 18. Rxa7 c5 19. Qf3 Nd5 20. Ra3 Qc2
21. Ra7 f6 22. Nd3 c4 23. Nb4 Bxb4 24. cxb4 Qf5 25. Bd2 Qxf3 26. gxf3 Rd7 27.
Rc1 Rc8 28. Kg2 Kf7 29. Kg3 Ke7 30. f4 Kd8 31. Re1 Rc6 32. b5 Rcd6 33. Rc1 Ke8
34. Rxc4 Nb6 35. Rb4 Rd5 36. Be3 Rc7 37. Kf3 Kd7 38. Rb3 Kc8 39. Ra1 Rc4 40.
Rg1 g6 41. Ra1 Kb8 42. Ra5 Ra4 43. Rxa4 Nxa4 44. b6 Ra5 45. Ke4 Kc8 46. Rb4 Kd7
47. Kd3 Kc6 48. Rc4+ Kxb6 49. Kc2 Ka6 50. Rc7 Rh5 51. Re7 Nb6 52. Rxe6 Kb5 53.
Rxf6 Nd5 54. Rf7 b6 55. Rf8 Rxh3 56. f5 Rf3 57. Rf7 gxf5 58. Rxh7 f4 59. Rf7
Rh3 60. Bd2 Rf3 61. Be3 Rh3 62. Bd2 Rh2 63. Be1 Kc4 64. b3+ Kxd4 65. Rd7 Ke4
66. Rd6 Ke5 67. Rd8 Rh1 68. Re8+ Kd4 69. Kd2 Rh7 70. Ke2 Ra7 71. Rh8 Ra2+ 72.
Kd1 Kd3 73. Rh3+ Ne3+ 74. Kc1 Ra1+ 75. Kb2 Rxe1 76. fxe3 fxe3 77. Rh8 e2 78.
Rd8+ Ke3 79. Re8+ Kf3 80. Rf8+ Ke3 81. Re8+ Kd4 82. Rd8+ Kc5 83. Rc8+ Kb5 84.
Re8 Kb4 85. Ka2 Kc3 86. Rc8+ Kd4 87. Rd8+ Ke5 88. Re8+ Kd6 89. Kb2 Kd7 90. Re3
b5 91. Kc2 Ra1 92. Rxe2 Ra2+ 93. Kd3 Rxe2 94. Kxe2 Kc6 95. b4 Kd5 96. Kd3 Ke5
97. Ke3 1/2-1/2

[Event "UKRAINIAN WOMEN CHESS CHAMPIONSHIP 2011"]
[Site "?"]
[Date "2011.10.12"]
[Round "6.9"]
[White "Vasilevich, Tatjana"]
[Black "Cherednichenko, Svetlana"]
[Result "1-0"]
[WhiteElo "2423"]
[BlackElo "2283"]
[PlyCount "73"]
[EventDate "2011.10.07"]
[SourceDate "2011.10.07"]

1. d4 d6 2. e4 e5 3. Ne2 exd4 4. Nxd4 Nf6 5. f3 Be7 6. c4 O-O 7. Be2 a5 8. Nc3
Na6 9. O-O Nc5 10. Be3 c6 11. Qd2 Re8 12. b3 Bf8 13. Rfd1 h6 14. Nxc6 Ncxe4 15.
Nxd8 Nxd2 16. Bxd2 Rxd8 17. Be3 Be6 18. Bd4 Be7 19. Rac1 Nd7 20. f4 Nc5 21. Bf3
Rab8 22. Rd2 b6 23. Rcd1 Na6 24. Re2 Kf8 25. f5 Bxf5 26. Nd5 Bg5 27. Bxb6 Rxb6
28. Nxb6 Bf6 29. Rd5 Nb4 30. Rxf5 Bd4+ 31. Kf1 Bxb6 32. Bh5 Rd7 33. Rb5 Rb7 34.
Rf2 f6 35. Re2 g5 36. Re8+ Kg7 37. Bf3 1-0

[Event "UKRAINIAN WOMEN CHESS CHAMPIONSHIP 2011"]
[Site "?"]
[Date "2011.10.12"]
[Round "6.11"]
[White "Agudova, Olga"]
[Black "Rudakova, Janetta"]
[Result "1/2-1/2"]
[WhiteElo "1980"]
[BlackElo "1986"]
[PlyCount "48"]
[EventDate "2011.10.07"]
[SourceDate "2011.10.07"]

1. d4 Nf6 2. Nf3 e6 3. c4 d5 4. e3 c5 5. Nc3 dxc4 6. Bxc4 a6 7. a4 Nc6 8. O-O
Be7 9. Qe2 cxd4 10. Rd1 e5 11. exd4 exd4 12. Nxd4 Nxd4 13. Qe5 Qd6 14. Qxd6
Bxd6 15. Rxd4 Bc5 16. Rd1 O-O 17. h3 Bf5 18. Bf4 Rad8 19. Nd5 Nxd5 20. Rxd5
Rxd5 21. Bxd5 b6 22. Bb3 Rd8 23. Rd1 Rxd1+ 24. Bxd1 a5 1/2-1/2

[Event "UKRAINIAN WOMEN CHESS CHAMPIONSHIP 2011"]
[Site "?"]
[Date "2011.10.12"]
[Round "6.12"]
[White "Bogdan, Darya"]
[Black "Myronenko, Natalya"]
[Result "1-0"]
[WhiteElo "1920"]
[BlackElo "1928"]
[PlyCount "75"]
[EventDate "2011.10.07"]
[SourceDate "2011.10.07"]

1. e4 e5 2. Nf3 Nc6 3. Bc4 Bc5 4. c3 Nf6 5. d4 exd4 6. e5 Ne4 7. cxd4 Bb4+ 8.
Bd2 Nxd2 9. Nbxd2 d5 10. Bb5 O-O 11. Bxc6 bxc6 12. O-O Qe7 13. a3 Ba5 14. Nb3
Bb6 15. Rc1 Bd7 16. Nc5 Bxc5 17. Rxc5 Rfb8 18. Qc2 Rb6 19. b4 g6 20. Rc1 a6 21.
Nd2 Ra7 22. Nb3 Qg5 23. Qc3 Rb5 24. Na5 Rxc5 25. Qxc5 Bh3 26. g3 Qd2 27. Nxc6
Rb7 28. Ne7+ Kg7 29. Nxd5 a5 30. Qc3 Qg5 31. Nf4 Bf5 32. bxa5 h5 33. d5 Kh6 34.
e6 Kh7 35. Qc6 Ra7 36. exf7 Qe7 37. Qe8 Qxa3 38. Qg8+ 1-0

[Event "UKRAINIAN WOMEN CHESS CHAMPIONSHIP 2011"]
[Site "?"]
[Date "2011.10.12"]
[Round "6.13"]
[White "Kurilo, Anna"]
[Black "Tkachova, Anastasia"]
[Result "0-1"]
[WhiteElo "1655"]
[BlackElo "1948"]
[PlyCount "114"]
[EventDate "2011.10.07"]
[SourceDate "2011.10.07"]

1. Nf3 d5 2. b3 Nf6 3. Bb2 c6 4. e3 Bf5 5. c4 e6 6. Be2 h6 7. Na3 Bd6 8. Nc2
O-O 9. O-O Nbd7 10. d3 Bb8 11. h3 Qc7 12. cxd5 exd5 13. Re1 Re8 14. Bf1 Nh7 15.
Re2 Ng5 16. Nce1 f6 17. Rc2 a5 18. a4 Ne5 19. Bxe5 Nxf3+ 20. Nxf3 fxe5 21. Ne1
Re6 22. Kh2 Rg6 23. g3 e4 24. Rac1 Qd6 25. Rd2 Bc7 26. Qc2 Rf8 27. Qc5 Qe5 28.
d4 Qf6 29. Ng2 Bxh3 30. Nf4 Bxf4 31. Bxh3 Bc7 32. Qc3 Qf3 33. Rg1 Qf6 34. Rg2
Qd6 35. Kh1 Rgf6 36. Qc2 g6 37. Kg1 Qb4 38. Qd1 Kg7 39. Qc2 Bd6 40. Kh1 Qa3 41.
Rg1 Qb4 42. Kg2 R6f7 43. Rc1 Rc7 44. Qa2 Qb6 45. Qb2 Bb4 46. Rdc2 Rcf7 47. Re2
Qd8 48. Kh2 Qf6 49. Rcc2 h5 50. Qc1 h4 51. Qg1 Bd6 52. Rb2 Rh8 53. Qg2 hxg3+
54. fxg3 Qe6 55. Rf2 Rf3 56. Rxf3 exf3 57. Qf1 Qg4 0-1

[Event "UKRAINIAN WOMEN CHESS CHAMPIONSHIP 2011"]
[Site "?"]
[Date "2011.10.13"]
[Round "7.3"]
[White "Rakhmangulova, Anastasiya"]
[Black "Gaponenko, Inna"]
[Result "1/2-1/2"]
[WhiteElo "2207"]
[BlackElo "2445"]
[PlyCount "102"]
[EventDate "2011.10.07"]
[SourceDate "2011.10.07"]

1. e4 c5 2. Nf3 g6 3. c3 d5 4. exd5 Qxd5 5. d4 Bg7 6. Be2 Nf6 7. h3 O-O 8. Be3
cxd4 9. cxd4 Qa5+ 10. Nc3 Nd5 11. Bd2 Nc6 12. Qb3 Nxc3 13. bxc3 Qc7 14. O-O Be6
15. Qa4 a6 16. Rac1 Rfd8 17. Ng5 Bd5 18. Bf3 Bxf3 19. Nxf3 b5 20. Qa3 Qa5 21.
Qb2 Qa4 22. Bf4 b4 23. Be5 Bh6 24. Rcd1 Rac8 25. c4 Nxe5 26. Nxe5 Bg7 27. Qb3
Qa5 28. Nf3 e6 29. Rd3 e5 30. dxe5 Rxd3 31. Qxd3 Qxa2 32. Rc1 Qb2 33. Qe3 a5
34. e6 Qf6 35. exf7+ Qxf7 36. Ng5 Bh6 37. c5 b3 38. h4 Bxg5 39. hxg5 a4 40. Ra1
b2 41. Rb1 Re8 42. Qd3 Qf4 43. g3 Qe5 44. Kh2 Qxc5 45. Rxb2 a3 46. Ra2 Ra8 47.
Kg2 Qc6+ 48. Kh2 Qc5 49. Kg2 Qc6+ 50. Kh2 Qc5 51. Kg2 Qc6+ 1/2-1/2

[Event "UKRAINIAN WOMEN CHESS CHAMPIONSHIP 2011"]
[Site "?"]
[Date "2011.10.13"]
[Round "7.4"]
[White "Doluhanova, Evgeniya"]
[Black "Goreskul, Alyona"]
[Result "1-0"]
[WhiteElo "2250"]
[BlackElo "2199"]
[PlyCount "139"]
[EventDate "2011.10.07"]
[SourceDate "2011.10.07"]

1. e4 e5 2. Nf3 Nf6 3. Nxe5 d6 4. Nf3 Nxe4 5. Nc3 Nxc3 6. dxc3 Be7 7. Be3 O-O
8. Qd2 Nd7 9. O-O-O Nc5 10. h4 Re8 11. Ng5 Ne6 12. Bd3 Nf8 13. Qe2 Bf6 14. Qh5
g6 15. Qf3 h5 16. Bc4 Ne6 17. Ne4 Bg7 18. Bg5 Qd7 19. Nf6+ Bxf6 20. Bxf6 Qa4
21. b3 Qa3+ 22. Kb1 c6 23. Rhe1 Bd7 24. Bd4 d5 25. Qf6 Nxd4 26. Qxd4 Bf5 27.
Bd3 Bxd3 28. Qxd3 Qc5 29. Qg3 a5 30. f4 a4 31. b4 Qd6 32. a3 Qf6 33. Re5 Rxe5
34. fxe5 Qf5 35. Re1 Qe6 36. Re3 Re8 37. Kc1 b5 38. Kd2 Qf5 39. Qg5 Qe6 40. Qf4
Kg7 41. Kd3 Rd8 42. Rf3 Kg8 43. Qf6 Re8 44. Qxe6 Rxe6 45. Kd4 Kf8 46. Kc5 Ke7
47. Rf6 Rxe5 48. Rxc6 d4+ 49. Kb6 dxc3 50. Rxc3 f5 51. Rc6 Kf7 52. Rc5 Re2 53.
Kxb5 Rxg2 54. Ka6 f4 55. Rc7+ Ke6 56. Rc8 Ke7 57. Rc7+ Ke6 58. Rc8 Ke7 59. Rc7+
Ke6 60. Rc6+ Ke7 61. Rc4 Rg4 62. Re4+ Kd7 63. Rd4+ Ke7 64. b5 f3 65. Rd1 Rc4
66. Rf1 Rxc2 67. Rxf3 Rb2 68. b6 Kd7 69. Ka7 Kc6 70. Rc3+ 1-0

[Event "UKRAINIAN WOMEN CHESS CHAMPIONSHIP 2011"]
[Site "?"]
[Date "2011.10.13"]
[Round "7.6"]
[White "Kalinina, Marianna"]
[Black "Huda, Maryana"]
[Result "0-1"]
[WhiteElo "2039"]
[BlackElo "2196"]
[PlyCount "108"]
[EventDate "2011.10.07"]
[SourceDate "2011.10.07"]

1. e4 e5 2. Nf3 Nc6 3. Nc3 Nf6 4. a3 g6 5. d4 exd4 6. Nxd4 Bg7 7. Be3 O-O 8. f3
d5 9. Nxc6 bxc6 10. Be2 Nxe4 11. fxe4 d4 12. Bf4 dxc3 13. b3 Qe7 14. O-O Qxe4
15. Bxc7 Bf5 16. Bd3 Qe3+ 17. Kh1 Bxd3 18. Qxd3 Qxd3 19. cxd3 Rfe8 20. Rad1 Re2
21. Bf4 Rae8 22. h4 Bd4 23. Kh2 Rb2 24. Rde1 Rxe1 25. Rxe1 Rxb3 26. Bh6 Rb8 27.
Re2 Bg7 28. Bf4 Rd8 29. Re7 Bd4 30. Rc7 c5 31. Kg3 c2 32. Kf3 Be5 33. Rxc5
Rxd3+ 34. Ke4 Bxf4 35. Kxf4 Rxa3 36. Rxc2 h5 37. Rc4 Kg7 38. Rb4 a5 39. Rc4 Rb3
40. Rc5 Rb4+ 41. Kg3 Rg4+ 42. Kh3 a4 43. Ra5 Kf6 44. g3 Ke6 45. Kg2 Kd6 46. Rb5
Kc6 47. Rb8 Kc5 48. Rb7 a3 49. Ra7 Kb4 50. Rxf7 a2 51. Rf1 Rc4 52. Kf3 Kb3 53.
Ke3 Kb2 54. Kd3 Rc1 0-1

[Event "UKRAINIAN WOMEN CHESS CHAMPIONSHIP 2011"]
[Site "?"]
[Date "2011.10.13"]
[Round "7.7"]
[White "Tsirulnik, Maritsa"]
[Black "Sharovskaya, Olga"]
[Result "1-0"]
[WhiteElo "2168"]
[BlackElo "1957"]
[PlyCount "65"]
[EventDate "2011.10.07"]
[SourceDate "2011.10.07"]

1. d4 d5 2. c4 c6 3. Nc3 Nf6 4. e3 Bf5 5. cxd5 Nxd5 6. Bc4 e6 7. Nf3 Be7 8. O-O
O-O 9. Qe2 Nd7 10. e4 Nxc3 11. bxc3 Bg6 12. Bf4 Bf6 13. Rab1 Qc8 14. Bd6 Re8
15. Ne5 Nxe5 16. dxe5 Bd8 17. f4 b5 18. Bd3 f6 19. f5 Bf7 20. exf6 Bxf6 21. e5
exf5 22. Bxf5 Qd8 23. Qd3 g6 24. exf6 gxf5 25. Qg3+ Bg6 26. Rxf5 Kf7 27. Rbf1
Bxf5 28. Qg7+ Ke6 29. f7 Qb6+ 30. Kh1 Rh8 31. Qe5+ Kd7 32. Qe7+ Kc8 33. Rxf5
1-0

[Event "UKRAINIAN WOMEN CHESS CHAMPIONSHIP 2011"]
[Site "?"]
[Date "2011.10.13"]
[Round "7.8"]
[White "Motsar, Irina"]
[Black "Zingaylo, Anastasiya"]
[Result "1-0"]
[WhiteElo "2145"]
[BlackElo "2071"]
[PlyCount "77"]
[EventDate "2011.10.07"]
[SourceDate "2011.10.07"]

1. e4 c5 2. Nf3 Nc6 3. d4 cxd4 4. Nxd4 g6 5. Nc3 Bg7 6. Be3 Nf6 7. Bc4 O-O 8.
Bb3 a5 9. O-O a4 10. Nxa4 Nxe4 11. c4 d6 12. Nb5 Be6 13. Bb6 Qd7 14. Re1 Bf5
15. f3 Ng5 16. Be3 Rxa4 17. Bxa4 h6 18. Nd4 Bxd4 19. Bxd4 e5 20. Be3 Kg7 21. h4
Nh7 22. Qd2 Ra8 23. Bxh6+ Kg8 24. b3 Qe7 25. Bxc6 bxc6 26. Bg5 f6 27. Be3 Rd8
28. Qb4 Nf8 29. a4 Qh7 30. Bf2 Ne6 31. a5 Nf4 32. a6 Nd3 33. Qb6 Qd7 34. a7 Ra8
35. Qb8+ Qc8 36. Qxc8+ Bxc8 37. Red1 Nb2 38. Rxd6 Kf7 39. Rd8 1-0

[Event "UKRAINIAN WOMEN CHESS CHAMPIONSHIP 2011"]
[Site "?"]
[Date "2011.10.13"]
[Round "7.9"]
[White "Petrova, Irina"]
[Black "Bogdan, Darya"]
[Result "1-0"]
[WhiteElo "2107"]
[BlackElo "1920"]
[PlyCount "107"]
[EventDate "2011.10.07"]
[SourceDate "2011.10.07"]

1. d4 d5 2. Nf3 Nf6 3. Bg5 e6 4. c4 Be7 5. e3 O-O 6. Nc3 h6 7. Bh4 b6 8. cxd5
exd5 9. Bd3 Bb7 10. O-O Nbd7 11. Rc1 c5 12. Bb1 Rc8 13. Qd3 Re8 14. Ne5 Nf8 15.
Qf5 cxd4 16. exd4 a6 17. a3 b5 18. Ba2 Ne6 19. Rcd1 Rf8 20. Rfe1 g5 21. Bg3 Ng7
22. Qd3 Bd6 23. Bb1 Re8 24. Ng4 Rxe1+ 25. Rxe1 Ngh5 26. Nxh6+ Kf8 27. Nf5 Bxg3
28. Nxg3 Ng7 29. Nf5 Ngh5 30. Qh3 g4 31. Qe3 Ng8 32. Nh6 Qf6 33. Nxg4 Qg7 34.
Ne5 Nhf6 35. Bf5 Rd8 36. Qh3 Nh6 37. Bd3 Bc8 38. Qe3 Re8 39. Nxd5 Nhg4 40. Qf3
Bb7 41. Nxf6 Nxe5 42. Qxb7 Nf3+ 43. Qxf3 Rxe1+ 44. Bf1 Ke7 45. Nd5+ Kd6 46. Ne3
Kc7 47. Qf4+ Kd7 48. Qf5+ Kd8 49. Qd5+ Kc7 50. Qc5+ Kb7 51. d5 f6 52. Qc6+ Ka7
53. d6 Qb7 54. Qc3 1-0

[Event "UKRAINIAN WOMEN CHESS CHAMPIONSHIP 2011"]
[Site "?"]
[Date "2011.10.13"]
[Round "7.10"]
[White "Tkachova, Anastasia"]
[Black "Tantsiura, Marja"]
[Result "1/2-1/2"]
[WhiteElo "1948"]
[BlackElo "2138"]
[PlyCount "137"]
[EventDate "2011.10.07"]
[SourceDate "2011.10.07"]

1. e4 c5 2. Nc3 Nc6 3. g3 g6 4. Bg2 Bg7 5. d3 d6 6. f4 e5 7. Nf3 Nge7 8. O-O
O-O 9. Be3 Nd4 10. Qd2 Bg4 11. Ne1 Qd7 12. Rf2 Rac8 13. Nd1 b6 14. c3 Ndc6 15.
Nf3 f5 16. Rf1 d5 17. Nxe5 Bxe5 18. fxe5 Nxe5 19. Bf4 Nf7 20. h3 Bxd1 21. Raxd1
dxe4 22. dxe4 Qxd2 23. Rxd2 Rcd8 24. Rfd1 Rxd2 25. Rxd2 Rd8 26. Rxd8+ Nxd8 27.
Bg5 Kf7 28. exf5 gxf5 29. Kf2 Ne6 30. Be3 Kf6 31. Bd2 Ke5 32. Kf3 Ng6 33. Bf1
Kf6 34. Bf4 Ne5+ 35. Ke3 Nc7 36. Bxe5+ Kxe5 37. Bc4 b5 38. Bg8 h6 39. a3 a5 40.
c4 b4 41. a4 Ne8 42. Bd5 Nf6 43. Bf3 Nh7 44. b3 Ng5 45. Bg2 Ne6 46. Bf3 Ng7 47.
Be2 Ne8 48. Bd1 Nf6 49. Bf3 Nd7 50. Bh1 Nf8 51. Bg2 Nd7 52. Bh1 Nf8 53. Bg2 Ne6
54. Bf3 Nd4 55. Bd1 Kf6 56. Kf2 Ne6 57. Bf3 Nd4 58. Bd1 Ke6 59. Ke3 Ke5 60. h4
Ke6 61. Kd3 Kf6 62. Kd2 Ke6 63. Kd3 Ke5 64. Ke3 Ne6 65. Bf3 Ng7 66. Be2 Ne6 67.
Bf3 Nd4 68. Bd1 Ne6 69. Bf3 1/2-1/2

[Event "UKRAINIAN WOMEN CHESS CHAMPIONSHIP 2011"]
[Site "?"]
[Date "2011.10.13"]
[Round "7.11"]
[White "Cherednichenko, Svetlana"]
[Black "Agudova, Olga"]
[Result "1-0"]
[WhiteElo "2283"]
[BlackElo "1980"]
[PlyCount "59"]
[EventDate "2011.10.07"]
[SourceDate "2011.10.07"]

1. d4 f5 2. c4 e6 3. Nc3 Nf6 4. Qc2 d5 5. e3 Be7 6. Bd3 Ne4 7. Nge2 c6 8. f3
Nxc3 9. Nxc3 O-O 10. Bd2 Na6 11. a3 Nc7 12. cxd5 exd5 13. O-O-O Nb5 14. Nxb5
cxb5 15. Bxb5 Qb6 16. Qd3 Be6 17. Ba4 Rac8+ 18. Kb1 f4 19. Qb5 Bf5+ 20. Ka1
Qxb5 21. Bxb5 Bc2 22. Rc1 a6 23. Bd7 Rc7 24. Be6+ Kh8 25. Bxd5 fxe3 26. Bxe3
Bd6 27. Be4 Rfc8 28. g3 g6 29. Bh6 Bb3 30. Bxb7 1-0

[Event "UKRAINIAN WOMEN CHESS CHAMPIONSHIP 2011"]
[Site "?"]
[Date "2011.10.13"]
[Round "7.13"]
[White "Rudakova, Janetta"]
[Black "Kurilo, Anna"]
[Result "1-0"]
[WhiteElo "1986"]
[BlackElo "1655"]
[PlyCount "47"]
[EventDate "2011.10.07"]
[SourceDate "2011.10.07"]

1. e4 c5 2. Nf3 d6 3. d4 cxd4 4. Nxd4 Nf6 5. Bd3 Nc6 6. c3 e5 7. Nxc6 bxc6 8.
O-O Be7 9. c4 O-O 10. Nc3 Bb7 11. Bg5 Qb6 12. Qc2 h6 13. Bxf6 Bxf6 14. Rad1
Rfd8 15. Be2 Rac8 16. Bf3 Qc5 17. Qe2 Ba6 18. b3 Qa5 19. Rd3 Be7 20. Re1 Rf8
21. Qd2 f5 22. exf5 d5 23. Nxd5 Qxd2 24. Nxe7+ 1-0